Beginning Python Visualization : Crafting Visual Transformation Scripts /

Contenido: 1) Navegar por el espacio de la visualización de datos; 2) El entorno; 3) Python para programadores; 4) Organización de datos; 6) Proceso de archivos de texto; 6) Gráficos y diagramas; 7) Juegos matemáticos; 8) Ciencia y visualización; 9) Procesamiento de imágenes; 10) Procesamiento avanz...

Whakaahuatanga katoa

I tiakina i:
Ngā taipitopito rārangi puna kōrero
Kaituhi matua: Vaingast, Shai (autor)
Hōputu: Pukapuka
Reo:Ingarihi
I whakaputaina: Nueva York, EUA : Apress, 2009, c2009
Putanga:2a edición
Rangatū:(The Expert's Voice in Python)
(Books for Professionals by Professionals)
Ngā marau:
Ngā Tūtohu: Tāpirihia he Tūtohu
Kāore He Tūtohu, Me noho koe te mea tuatahi ki te tūtohu i tēnei pūkete!

MARC

LEADER 00000nam^a2200000^a^4500
001 000380755
005 20250521000000.0
009 20260310120619.81
020 |a 978-1-4842-0053-7 
037 |a Acervo ITESO - Biblioteca 
041 |a ING 
082 |a 005. 133  |b VAI 
100 |a Vaingast, Shai  |e (autor) 
245 1 0 |a Beginning Python Visualization :  |b Crafting Visual Transformation Scripts /  |c S. Vaingast. 
250 |a 2a edición 
264 4 |a Nueva York, EUA :  |b Apress,  |c 2009, c2009 
300 |a XXVII, 385 p. 
336 |a texto  |b txt  |2 rdacontenido 
337 |a sin mediación  |b n  |2 rdamedio 
338 |a volumen  |b nc  |2 rdasoporte 
440 5 |a (The Expert's Voice in Python) 
440 1 |a (Books for Professionals by Professionals) 
520 |a Contenido: 1) Navegar por el espacio de la visualización de datos; 2) El entorno; 3) Python para programadores; 4) Organización de datos; 6) Proceso de archivos de texto; 6) Gráficos y diagramas; 7) Juegos matemáticos; 8) Ciencia y visualización; 9) Procesamiento de imágenes; 10) Procesamiento avanzado de archivos. 
530 |a Existe una edición en formato digital en línea con el mismo título 
649 |a XX 
650 |a Procesamiento de Imágenes 
650 |a Procesador de Textos 
650 |a Páginas en Línea -  |x Diseño y Construcción 
650 |a Interfaz Gráfica de Usuario -  |x Diseño y Construcción 
650 |a Lenguajes de Programación -  |x Tema Principal 
650 |a Programación Orientada a Objetos -  |x Tema Principal 
650 |a Programación (Software) 
650 |a Desarrollo de Sistemas 
650 |a Sistemas Computacionales 
650 |a Ingeniería Computacional 
910 |a Fondo General 
920 |a Impresos - Libros 
930 |a Colección General 
905 |a 101 
901 |a 0500275348  |b IT1  |c ACC  |i C152091  |u 20250521 
902 |a https://opac.biblio.iteso.mx/vufind/Record/000380755